000 00724nam a2200217 a 4500
001 BRCA_1128
005 20190320203306.0
008 930408s1990 mx-a---##b---#000-0#spa-#
020 _a9686084096
040 _aDLC
_cDLC
_dDLC
050 4 _aND255
_b.M69 1990
100 1 _aMoyssén Echeverría, Xavier
_9801
245 1 0 _aLa pintura del México independiente en sus museos
_cXavier Moyssén
260 _aMéxico
_bBanco BCH
_c[1990]
300 _a131 p.
_bil. (algunas a color)
_c33 cm.
440 0 _aLa Pintura en los museos de México
_vt. 2
_93717
504 _aBibliografía : p. 131
650 1 4 _aPintura mexicana
_vCatálogos
_ySiglo XIX
_93718
650 1 4 _aMuseos de arte
_vCatálogos
_zMéxico
_93719
942 _2lcc
_cB
999 _c1006
_d1006